<?xml version="1.0" encoding="UTF-8"?>
<collection xmlns:xsi="http://www.w3.org/2001/XMLSchema-instance" xsi:schemaLocation="http://www.loc.gov/MARC21/slim http://www.loc.gov/standards/marcxml/schema/MARC21slim.xsd" xmlns="http://www.loc.gov/MARC21/slim">
 <record>
  <leader>00000nam a22000004a 4500</leader>
  <controlfield tag="001">UP-8027390931316537108</controlfield>
  <controlfield tag="003">Buklod</controlfield>
  <controlfield tag="005">20251024160610.0</controlfield>
  <controlfield tag="006">m    |o  d |      </controlfield>
  <controlfield tag="007">ta</controlfield>
  <controlfield tag="008">251024s2021    ph     frl    000 0 eng d</controlfield>
  <datafield tag="020" ind1=" " ind2=" ">
   <subfield code="a">9786210423273 (hardbound)</subfield>
  </datafield>
  <datafield tag="040" ind1="0" ind2=" ">
   <subfield code="a">DLAW</subfield>
   <subfield code="e">rda</subfield>
  </datafield>
  <datafield tag="041" ind1="0" ind2=" ">
   <subfield code="a">eng</subfield>
  </datafield>
  <datafield tag="090" ind1="0" ind2="0">
   <subfield code="a">KPM 1220</subfield>
   <subfield code="b">U546 2021</subfield>
  </datafield>
  <datafield tag="100" ind1="1" ind2=" ">
   <subfield code="a">Ungos, Paulino D.</subfield>
   <subfield code="c">Jr. </subfield>
   <subfield code="e">author</subfield>
  </datafield>
  <datafield tag="245" ind1="1" ind2="0">
   <subfield code="a">Pre-week handbook on labor law</subfield>
   <subfield code="c">Paulino D. Ungos, Jr., Paulino Q., Ungos, III.</subfield>
  </datafield>
  <datafield tag="250" ind1=" " ind2=" ">
   <subfield code="a">2021 edition.</subfield>
  </datafield>
  <datafield tag="264" ind1=" " ind2="0">
   <subfield code="a">Quezon City</subfield>
   <subfield code="b">Rex Book Store</subfield>
   <subfield code="c">2021</subfield>
  </datafield>
  <datafield tag="300" ind1=" " ind2=" ">
   <subfield code="a">xl, 365 pages</subfield>
   <subfield code="c">23 cm. </subfield>
  </datafield>
  <datafield tag="505" ind1="0" ind2=" ">
   <subfield code="a">Construction and applicability of the Labor Code-- Employer-employee relationship-- Categories of Employment-- Recruitment and placement of workers-- Overseas Filipino Workers-- Non-resident aliens-- Apprentice-- Learner-- Child workers-- Women workers-- Domestic workers-- Night workers-- Homeworkers-- Contracting and sub-contracting-- Wages-- Hours of work-- Overtime work-- Night shift differential-- Weekly rest day-- Special holidays-- Regular Holidays-- Thirteenth month pay-- Bonus -- Service Charges -- Flexible Work Schedule -- Compressed Workweek -- The Statutory Leaves -- The Right to Self-Organization -- Unfair Labor Practice -- Labor Organizations -- Collective Bargaining -- Strikes, Lockouts and Picketing -- The Right to Security of Tenure -- Managerial Prerogatives -- The Just Causes for Dismissal -- The Authorized Causes for Terminating an Employment -- Lay-Off -- Resignation -- Retirement -- The Employees' Compensation Law -- The Government Service Insurance System Act of 1997 -- The Limited Portability Law -- Occupational Health and Safety -- Resolution of Labor Standards Violations and Small Money Claims -- Voluntary Arbitration -- Compulsory Arbitration -- Appeal -- Extraordinary Remedy -- Injunction in Labor Disputes -- Intra-Union and Inter-Union Disputes -- Execution.</subfield>
  </datafield>
  <datafield tag="650" ind1=" " ind2="0">
   <subfield code="a">Labor laws and legislation </subfield>
   <subfield code="z">Philippines.</subfield>
  </datafield>
  <datafield tag="700" ind1="1" ind2=" ">
   <subfield code="a">Ungos, Paulino Q., </subfield>
   <subfield code="e">author</subfield>
   <subfield code="b">III.</subfield>
  </datafield>
  <datafield tag="905" ind1=" " ind2=" ">
   <subfield code="a">FI</subfield>
  </datafield>
  <datafield tag="852" ind1="0" ind2=" ">
   <subfield code="a">UPD</subfield>
   <subfield code="b">BGC-LL</subfield>
   <subfield code="h">KPM 1220</subfield>
   <subfield code="i">U546 2021</subfield>
  </datafield>
  <datafield tag="852" ind1="0" ind2=" ">
   <subfield code="a">UPD</subfield>
   <subfield code="b">DLAW</subfield>
   <subfield code="h">KPM 1220</subfield>
   <subfield code="i">U546 2021</subfield>
  </datafield>
  <datafield tag="856" ind1="4" ind2="0">
   <subfield code="y">Table of contents</subfield>
   <subfield code="u">https://drive.google.com/file/d/1PYP0oDodIMb50N4cZ0Ap9gOGgc4C5htG/view</subfield>
   <subfield code="q">application/pdf</subfield>
   <subfield code="s">6.96 Mb</subfield>
   <subfield code="z">Open Access</subfield>
   <subfield code="7">0</subfield>
  </datafield>
  <datafield tag="942" ind1=" " ind2=" ">
   <subfield code="a">Book</subfield>
  </datafield>
 </record>
</collection>
